| 000 | 00648nam a22002057a 4500 | ||
|---|---|---|---|
| 005 | 20140303171400.0 | ||
| 010 | _aENG-108708 | ||
| 020 |
_c350.00 _a9788171641161 |
||
| 035 | _aEN-92241 | ||
| 037 | _bDBAD/PUB | ||
| 082 | _a633.0858 | ||
| 245 |
_aTextbook of field crops production : _cedited by Rajendra Prasad _bfoodgrain crops / |
||
| 250 | _brev. ed | ||
| 260 |
_aNew Delhi _bIndian Council Of Agricultural Research _c2012 |
||
| 270 |
_aKrishi Anusandhan Bhavan-l _bNew Delhi _e110012 |
||
| 300 |
_aV.I(xii,396p.) _c24cm(pbk) |
||
| 500 | _aIncludes index | ||
| 700 | _aRajendra Prasad | ||
| 942 |
_2ddc _cEN _mTEX _h633.0858 |
||
| 999 |
_c80986 _d80986 |
||